000 00824nas a2200265 4500
001 BR0901018
003 BR-BrBNA
005 20231205113132.0
007 ta
008 230509b bl.|||p| |||| 00| 00por d
040 _aBR-BrBNA
_bpor
_cBiblioteca Nacional de Agricultura
041 _a(Pt)
072 _aH60
100 1 _aBarela, J.F.
100 1 _aChristoffoleti, P.J.
245 1 _aSeletividade de herbicidas aplicados em pré - emergência da cultura da cana -de-açúcar (RB 867515)tratada com nematicidas
650 _aCANA DE AÇÚCAR
650 _aMANEJO DO SOLO
650 _aDEFENSIVO
650 _aNEMATICIDA
650 _aHERBICIDA
773 0 _tPlanta Daninha (Brazil)
_xISSN 0100-8358
_g(2006), v. 24(2) p. 371-378
_wBR0901018
909 _a202311
_bLúcia
_c55
_dLúcia Elande
942 _2AGRIS
_n0
_cANA
999 _c202043
_d202043